All MCU Villains - Statistics

General Stats
  • This quiz has been taken 65 times
    15 since last reset
  • The average score is 48 of 71
Answer Stats
Movie Villain % Correct
Captain America: The Winter Soldier Bucky Barnes/The Winter Soldier
100%
Captain America the First Avenger Johann Schmidt/Red Skull
100%
Thor Loki
100%
The Avengers Loki
100%
Avengers Infinity War Thanos
100%
Avengers Endgame Thanos
100%
Avengers Age of Ultron Ultron
100%
Spider-Man Homecoming Adrian Toomes/Vulture
91%
Ant-Man Darren Cross/Yellowjacket
91%
Doctor Strange Dormammu
91%
Guardians of the Galaxy Vol. 2 Ego the Living Planet
91%
Black Panther Erik Killmonger
91%
Thor Ragnarok Hela
91%
Iron Man 2 Ivan Vanko/Whiplash
91%
Iron Man 2 Justin Hammer
91%
Iron Man Obadiah Stane/Iron Monger
91%
Spider-Man Far From Home Quentin Beck/Mysterio
91%
WandaVision Agatha Harkness
82%
Black Widow Antonia Dreykov/Taskmaster
82%
Ant-Man and the Wasp Ava Starr/Ghost
82%
Captain America Civil War Baron Zemo
82%
Incredible Hulk Emil Blonsky/Abomination
82%
Spider-Man No Way Home Flint Marko/Sandman
82%
Loki Season 1 He Who Remains
82%
Thor The Dark World Malekith the Accursed
82%
Spider-Man No Way Home Max Dillon/Electro
82%
Ant-Man and the Wasp Quantumania Nathaniel Richards/Kang the Conqueror
82%
Avengers The Kang Dynasty (if it wasn't scrapped for Doomsday) Nathaniel Richards/Kang the Conqueror
82%
Spider-Man No Way Home Norman Osborn/Green Goblin
82%
Guardians of the Galaxy Ronan the Accuser
82%
Captain America Brave New World Thaddeus 'Thunderbolt' Ross/Red Hulk
82%
Shang-Chi and the Legend of the Ten Rings Xu Wenwu/The Mandarin
82%
Iron Man 3 Aldrich Killian
73%
Captain America: The Winter Soldier Alexander Pierce
73%
Ant-Man and the Wasp Quantumania Darren Cross/MODOK
73%
Avengers Doomsday Doctor Doom
73%
The Fantastic Four: First Steps Galactus
73%
Eternals Ikaris
73%
Doctor Strange Kaecilius
73%
Spider-Man No Way Home Otto Octavius/Doctor Octopus/Doc Ock
73%
The Thunderbolts* Robert "Bob" Reynolds/Sentry/The Void
73%
Iron Man 3 The Mandarin
73%
Deadpool & Wolverine Cassandra Nova
64%
Spider-Man No Way Home Curt Connors/Lizard
64%
Black Widow General Dreykov
64%
Thor Love And Thunder Gorr the God Butcher
64%
Guardians of the Galaxy Volume 3 High Evolutionary
64%
Falcon and The Winter Soldier Karli Morgenthau/Flagsmasher
64%
Eternals Kro
64%
Black Panther Wakanda Forever Namor
64%
Captain America Brave New World Samuel Sterns/The Leader
64%
Doctor Strange in the Multiverse of Madness Wanda Maximoff/Scarlet Witch
64%
Hawkeye Wilson Fisk/Kingpin
64%
Daredevil Born Again Wilson Fisk/Kingpin
64%
Captain Marvel Yon-Rogg
64%
The Marvels Dar-Benn
55%
Hawkeye Maya Lopez/Echo
45%
Iron Heart The Hood
45%
She Hulk Attorney At Law Todd Phelps/HulkKing
36%
Moon Knight Arthur Harrow
27%
Doctor Strange in the Multiverse of Madness Baron Mordo
27%
Agatha All Along Lady Death
27%
What If..? Strange Supreme
27%
Hawkeye Yelena Belova
27%
Daredevil Born Again Bastian Cooper/Muse
18%
Werewolf by Night Verussa Bloodstone
18%
Moon Knight Ammit
9%
Hawkeye Elanor Bishop
9%
Secret Invasion Gravik
9%
Ms. Marvel Najma
9%
Ms. Marvel Sadie Deever
0%
No matching quizzes found
Score Distribution
Percent of People with Each Score
Percentile by Number Answered
Your Score History
You have not taken this quiz since the last reset